000 00809nam a22002777a 4500
001 0011721
003 DO-SdBNP
005 20180208083524.0
007 0011721
008 161104b 2002 xxu ||||| |||| 00| 0 spa d
020 _a9580468729
040 _aBPMSU
_bspa
_cBPMSU
082 _axxxxxxxxx
_bxxxxxxxxx
100 1 _aSierra i Fabra, Jordi
245 1 3 _aLa asombrosa historia del viajero de las estrellas /
_cJordi Sierra i Fabra ; ilustraciones Daniel López
260 _aEstados Unidos :
_bNorma,
_c2002.
300 _a106 p. :
_c19 cm.
490 1 _aTorre de papel
490 1 _aTorre amarilla
700 1 _aLópez, Daniel,
_eil.
830 0 _aTorre de papel
830 0 _aTorre amarilla
942 _2ddc
_cBK
945 _ainventariado, 2018 / dg
956 _aBTAVÁREZ
_b10
_c20161104
_d0011721
999 _c11783
_d11783